000 00463nam a2200109Ia 4500
008 160909s9999 xx 000 0 und d
100 _aReid, Kristen Elyse
245 2 _aA psycho-educational support group for lesbian, gay, bisexual, and transgender adolescents regarding the coming out process: A grant proposal
260 _bCalifornia State University, Long Beach
_c2016
650 _aNursing
856 _uhttp://pqdtopen.proquest.com/doc/1780636688.html?FMT=ABS
999 _c303959
_d303959